000 01107njm a22002777a 4500
005 20100901115333.0
006 a|||||r|||||00| 0
007 sd ammalaaahaa
008 100901t xxu||||| |||| 00| 0 eng d
028 _aN 52737
_bHis Master's Voice
035 _aGR-534
040 _aSED
_cSED
100 _917891
_aMangeshkar, Lata
245 _aMadhumati /
_h[Sound recording]
_bby Lata Mangeshkar & Manna Dey ; music by Salil Chowdhury ; lyrices by Shailendra
246 _aमधुमती / लता मंगेशकर
260 _aDUM DUM, India
_bHis Master's Voice
300 _a1 Sound disc [Gramophone Recording] :
_banalog, 33 1/3 rpm
_c9.5 in. (MP)
_fGramophone Record
500 _aBrief record
505 _aSide-1 चढ़ गयो पापी बिछुआ ( Chad gyo papi bichuaa) (Lata Mangeshkar)
650 _aClassical music
_xExcerpts
_zIndia
_917892
700 _918192
_aDey, Manna
700 _aChowdhury, Salil
_918311
700 _aShailendra
_918354
942 _2ddc
_cGR
999 _c43788
_d43788